[Event "Team senior chess final 2018"]
[Site "Sochi"]
[Date "2018.05.08"]
[Round "8.2"]
[White "Sabaev, Evgueni"]
[Black "Shvedchikov, Anatoli I"]
[Result "1/2-1/2"]
[WhiteElo "2125"]
[BlackElo "2279"]
[PlyCount "78"]
[EventDate "2018.05.01"]

1. Nf3 d5 2. c4 c6 3. d4 Nf6 4. Nc3 dxc4 5. a4 e6 6. e3 c5 7. Bxc4 cxd4 8. exd4
Be7 9. O-O Nc6 10. Be3 O-O 11. Qe2 Nb4 12. Rfd1 Bd7 13. Ne5 Bc6 14. a5 Bd5 15.
Nxd5 Nfxd5 16. a6 bxa6 17. Bxa6 Nxa6 18. Rxa6 Nb4 19. Nc6 Nxc6 20. Rxc6 Qd5 21.
Qc4 Rfd8 22. Ra1 a5 23. Qxd5 Rxd5 24. Kf1 Bb4 25. Ke2 h6 26. Rac1 Rad8 27. Rc8
Rxc8 28. Rxc8+ Kh7 29. Kd3 Rd7 30. Kc4 Kg6 31. f3 Rb7 32. Bf4 Rd7 33. Rc7 Rd5
34. Rc6 Rd7 35. Rc7 Rd5 36. Rc6 Rd7 37. Rc7 Rd5 38. Rc6 Rd7 39. Rc7 Rd5 1/2-1/2

[Event "Team senior chess final 2018"]
[Site "Sochi"]
[Date "2018.05.08"]
[Round "8.3"]
[White "Chudinovskikh, Alexander M"]
[Black "Karimov, Rashid"]
[Result "1/2-1/2"]
[WhiteElo "2205"]
[BlackElo "2125"]
[PlyCount "65"]
[EventDate "2018.05.01"]

1. e4 c5 2. Nf3 e6 3. g3 Nc6 4. Bg2 Nf6 5. d3 d6 6. O-O Be7 7. Re1 O-O 8. c3 e5
9. h3 Re8 10. d4 Bf8 11. dxc5 dxc5 12. Qxd8 Rxd8 13. Na3 Ne8 14. Bf1 Nc7 15.
Nc4 f6 16. Ne3 Be6 17. a4 Na5 18. Nd2 a6 19. Nec4 Nxc4 20. Bxc4 Bxc4 21. Nxc4
b5 22. Na5 c4 23. Be3 Ne6 24. Kf1 Rd7 25. Nc6 Rc8 26. axb5 axb5 27. Na7 Rb8 28.
Nc6 Rc8 29. Na7 Rb8 30. Nc6 Rc8 31. Na7 Rb8 32. Nc6 Rc8 33. Na7 1/2-1/2

[Event "Team senior chess final 2018"]
[Site "Sochi"]
[Date "2018.05.08"]
[Round "8.4"]
[White "Vasiliev, Sergey"]
[Black "Kolbanov, Veniamin M"]
[Result "0-1"]
[WhiteElo "1945"]
[BlackElo "2190"]
[PlyCount "92"]
[EventDate "2018.05.01"]

1. d4 Nf6 2. Nf3 g6 3. g3 Bg7 4. Bg2 O-O 5. O-O d6 6. c4 Nc6 7. Nc3 Bf5 8. Bf4
Ne4 9. Nh4 Nxc3 10. bxc3 Bd7 11. e4 e5 12. Be3 b6 13. f4 exf4 14. Bxf4 g5 15.
Nf5 gxf4 16. Qg4 Qf6 17. Rxf4 Ne7 18. e5 dxe5 19. dxe5 Qxf5 20. Rxf5 Bxf5 21.
Qg5 Rae8 22. Re1 h6 23. Qf4 Be6 24. h4 Nc6 25. Qf2 Nxe5 26. Be4 f5 27. Bc2 Bxc4
28. Qf4 Bd5 29. Rf1 Be4 30. Bd1 Re7 31. Qc1 c5 32. Be2 c4 33. a4 Nd3 34. Qd2
Kh7 35. h5 Be5 36. g4 Rg8 37. a5 Reg7 38. Rf2 Bd6 39. axb6 axb6 40. Kf1 Bc5 41.
Rf4 Nxf4 42. Qxf4 Rxg4 43. Bxg4 Rxg4 44. Qc7+ Rg7 45. Qe5 Bd3+ 46. Ke1 Re7 0-1

[Event "Team senior chess final 2018"]
[Site "Sochi"]
[Date "2018.05.08"]
[Round "8.2"]
[White "Rashkovsky, Nukhim N"]
[Black "Karasev, Vladimir I"]
[Result "1-0"]
[WhiteElo "2486"]
[BlackElo "2336"]
[PlyCount "85"]
[EventDate "2018.05.01"]
[WhiteTeam "Шахматный клуб "]

1. d4 d5 2. Nf3 Nf6 3. c4 dxc4 4. e3 e6 5. Bxc4 a6 6. O-O b5 7. Be2 Nbd7 8. a4
b4 9. Nbd2 c5 10. e4 cxd4 11. e5 Nc5 12. Re1 d3 13. Bf1 Nfd7 14. Nc4 Bb7 15.
Bg5 Qc7 16. Rc1 h6 17. Bh4 g5 18. Bg3 Bxf3 19. Qxf3 Qb7 20. Qxb7 Nxb7 21. Bxd3
Nbc5 22. Be2 Be7 23. Red1 Nb3 24. Rc2 Bc5 25. Nd6+ Ke7 26. Bc4 Na5 27. Bf1 Rhd8
28. h4 Ra7 29. hxg5 hxg5 30. Ne4 Bb6 31. Nxg5 Nc5 32. Rd6 Rxd6 33. exd6+ Kf6
34. Rxc5 Bxc5 35. Ne4+ Kf5 36. Nxc5 Nc6 37. Bxa6 e5 38. Bd3+ Kg4 39. Be4 Nd8
40. Bxe5 Ra5 41. Bd4 f5 42. Bf3+ Kg5 43. b3 1-0

[Event "Team senior chess final 2018"]
[Site "Sochi"]
[Date "2018.05.08"]
[Round "8.3"]
[White "Blechzin, Igor"]
[Black "Lisenko, Alexander V"]
[Result "1/2-1/2"]
[WhiteElo "2251"]
[BlackElo "2363"]
[PlyCount "54"]
[EventDate "2018.05.01"]
[BlackTeam "Шахматный клуб "]

1. c4 c5 2. Nf3 Nc6 3. d4 cxd4 4. Nxd4 e6 5. Nc3 Bb4 6. e4 Nf6 7. Nxc6 dxc6 8.
Qxd8+ Kxd8 9. Bd2 e5 10. O-O-O Ke7 11. Nd5+ Nxd5 12. exd5 Bxd2+ 13. Rxd2 cxd5
14. Rxd5 f6 15. Rc5 b6 16. Rc7+ Bd7 17. Be2 Rhc8 18. Rb7 Rcb8 19. Rxb8 Rxb8 20.
b4 Be6 21. Kb2 Rd8 22. Kc3 Rc8 23. Rc1 Rc7 24. Rc2 Rc6 25. Rc1 Rc7 26. Rc2 Rc8
27. Rc1 Rc7 1/2-1/2

[Event "Team senior chess final 2018"]
[Site "Sochi"]
[Date "2018.05.08"]
[Round "8.4"]
[White "Dragomarezkij, Evgeni"]
[Black "Shushpanov, Vladimir"]
[Result "1-0"]
[WhiteElo "2375"]
[BlackElo "2187"]
[PlyCount "75"]
[EventDate "2018.05.01"]
[WhiteTeam "Шахматный клуб "]

1. c4 g6 2. e4 c5 3. Nf3 Bg7 4. d4 Qa5+ 5. Nc3 Nc6 6. d5 Nd4 7. Bd2 Nxf3+ 8.
Qxf3 d6 9. Be2 Nf6 10. Qg3 O-O 11. O-O a6 12. a4 Bd7 13. f4 Qc7 14. Rfe1 b5 15.
cxb5 axb5 16. e5 Ne8 17. Nxb5 Qb8 18. Bc3 Nc7 19. Nxc7 Qxc7 20. b3 Bc8 21. Bc4
Ba6 22. f5 Bxc4 23. bxc4 dxe5 24. Bxe5 Bxe5 25. Qxe5 Qxe5 26. Rxe5 Ra7 27. Rae1
Rxa4 28. R1e4 Rb8 29. fxg6 hxg6 30. Rxe7 Rb2 31. h3 f5 32. R4e6 Rxc4 33. Rc7
Kf8 34. Rf6+ Kg8 35. Rxg6+ Kf8 36. Rf6+ Ke8 37. Rh6 Kd8 38. Ra7 1-0

[Event "Team senior chess final 2018"]
[Site "Sochi"]
[Date "2018.05.09"]
[Round "9.2"]
[White "Vorotnikov, Vladislav V"]
[Black "Rashkovsky, Nukhim N"]
[Result "1/2-1/2"]
[WhiteElo "2449"]
[BlackElo "2486"]
[PlyCount "33"]
[EventDate "2018.05.01"]
[BlackTeam "Шахматный клуб "]

1. e4 e5 2. Nc3 Nf6 3. f4 d5 4. fxe5 Nxe4 5. Qf3 Nxc3 6. bxc3 Be7 7. d4 O-O 8.
Bd3 f6 9. Qh5 g6 10. Bxg6 hxg6 11. Qxg6+ Kh8 12. Qh6+ Kg8 13. Qg6+ Kh8 14. Qh6+
Kg8 15. Qg6+ Kh8 16. Qh6+ Kg8 17. Qg6+ 1/2-1/2

[Event "Team senior chess final 2018"]
[Site "Sochi"]
[Date "2018.05.09"]
[Round "9.3"]
[White "Lisenko, Alexander V"]
[Black "Chudinovskikh, Alexander M"]
[Result "1/2-1/2"]
[WhiteElo "2363"]
[BlackElo "2205"]
[PlyCount "48"]
[EventDate "2018.05.01"]
[WhiteTeam "Шахматный клуб "]

1. c4 c5 2. Nc3 Nc6 3. Nf3 Nf6 4. g3 g6 5. Bg2 Bg7 6. O-O O-O 7. d4 d6 8. dxc5
dxc5 9. Bd2 Bd7 10. Qc1 Qc8 11. Bh6 Bh3 12. Bxg7 Kxg7 13. Rd1 Bxg2 14. Kxg2 Rd8
15. Rxd8 Nxd8 16. Qc2 Qf5 17. Qxf5 gxf5 18. Rd1 Nc6 19. Kg1 Kf8 20. Kg2 Kg7 21.
Kg1 Kf8 22. Kg2 Kg7 23. Kg1 Kf8 24. Kg2 Kg7 1/2-1/2

[Event "Team senior chess final 2018"]
[Site "Sochi"]
[Date "2018.05.09"]
[Round "9.4"]
[White "Kolbanov, Veniamin M"]
[Black "Dragomarezkij, Evgeni"]
[Result "1/2-1/2"]
[WhiteElo "2190"]
[BlackElo "2375"]
[PlyCount "36"]
[EventDate "2018.05.01"]
[BlackTeam "Шахматный клуб "]

1. d4 d5 2. c4 c6 3. cxd5 cxd5 4. Nf3 Nf6 5. Nc3 Nc6 6. Bf4 Bf5 7. e3 e6 8. Bd3
Bxd3 9. Qxd3 Bd6 10. Bxd6 Qxd6 11. O-O O-O 12. Rfc1 Rfc8 13. Qd1 Qd8 14. Qd3
Qd6 15. Qd1 Qd8 16. Qd3 Qd6 17. Qd1 Qd8 18. Qd3 Qd6 1/2-1/2

[Event "Team senior chess final 2018"]
[Site "Sochi"]
[Date "2018.05.09"]
[Round "9.1"]
[White "Zlachevskiy, Leonid"]
[Black "Gubernatorov, Sergey"]
[Result "1/2-1/2"]
[WhiteElo "1991"]
[BlackElo "2220"]
[PlyCount "80"]
[EventDate "2018.05.01"]

1. e4 c5 2. Nc3 g6 3. Nge2 Bg7 4. d4 cxd4 5. Nxd4 Nc6 6. Be3 Nf6 7. Bc4 O-O 8.
Bb3 d6 9. f3 Bd7 10. h4 Nxd4 11. Bxd4 b5 12. Qd2 a5 13. a3 b4 14. Nd5 e6 15.
Nxf6+ Bxf6 16. h5 Bxd4 17. Qxd4 Qg5 18. hxg6 fxg6 19. O-O a4 20. Bc4 bxa3 21.
Rxa3 Rfc8 22. b3 axb3 23. Rxa8 Rxa8 24. Bxb3 Ra6 25. f4 Qc5 26. Qxc5 dxc5 27.
Rd1 Bb5 28. Rd8+ Kg7 29. Rc8 Rc6 30. Rxc6 Bxc6 31. e5 Be4 32. c3 g5 33. g3 gxf4
34. gxf4 Bf5 35. Kf2 Kf7 36. Kg3 Kg6 37. Kh4 h6 38. Bc4 Kg7 39. Bb3 Kg6 40. Bc4
Kg7 1/2-1/2

[Event "Team senior chess final 2018"]
[Site "Sochi"]
[Date "2018.05.09"]
[Round "9.2"]
[White "Mednikov, Gennadiy"]
[Black "Sabaev, Evgueni"]
[Result "0-1"]
[WhiteElo "2110"]
[BlackElo "2125"]
[PlyCount "52"]
[EventDate "2018.05.01"]

1. d4 e6 2. Bf4 c5 3. e3 d5 4. Nf3 Nf6 5. Nbd2 Nc6 6. c3 cxd4 7. exd4 Nh5 8.
Bg5 f6 9. Bh4 Nf4 10. Bg3 Bd6 11. Bxf4 Bxf4 12. Bd3 e5 13. dxe5 fxe5 14. g3 Bh6
15. Nh4 O-O 16. Qc2 e4 17. Be2 Qb6 18. f4 exf3 19. Nhxf3 Bf5 20. Qb3 Qe3 21.
Qxd5+ Kh8 22. Nc4 Qe7 23. Qd6 Qe4 24. Ncd2 Qe8 25. Kd1 Rd8 26. Qc5 Be4 0-1

[Event "Team senior chess final 2018"]
[Site "Sochi"]
[Date "2018.05.09"]
[Round "9.3"]
[White "Karimov, Rashid"]
[Black "Merkushev, Vasily"]
[Result "1-0"]
[WhiteElo "2125"]
[BlackElo "2154"]
[PlyCount "93"]
[EventDate "2018.05.01"]

1. c4 c5 2. Nf3 Nc6 3. d4 cxd4 4. Nxd4 Nf6 5. Nc3 d6 6. e4 g6 7. Be2 Bg7 8. Be3
O-O 9. O-O Bd7 10. Qd2 Rc8 11. f3 Ne5 12. b3 Re8 13. Rac1 a6 14. Rfd1 Qa5 15.
h3 Bc6 16. Nxc6 bxc6 17. c5 dxc5 18. Na4 Qxd2 19. Rxd2 c4 20. Bxc4 Nxc4 21.
Rxc4 h5 22. Rdc2 Red8 23. Rxc6 Rd1+ 24. Kf2 Rxc6 25. Rxc6 Ra1 26. Rc8+ Kh7 27.
Rc2 Ne8 28. Nc5 h4 29. Nxa6 f5 30. Bg5 fxe4 31. fxe4 Nd6 32. Bxe7 Nxe4+ 33. Kf3
Nc3 34. Nb4 Rf1+ 35. Rf2 Rd1 36. Bc5 Be5 37. Be3 Bg3 38. Rd2 Rf1+ 39. Bf2 Kh6
40. Nd3 Bxf2 41. Nxf2 Ra1 42. Ng4+ Kh5 43. Rc2 Rf1+ 44. Ke3 Nd5+ 45. Ke4 Rf5
46. Rc5 Ne7 47. Re5 1-0

[Event "Team senior chess final 2018"]
[Site "Sochi"]
[Date "2018.05.09"]
[Round "9.4"]
[White "Avedisyan, Andrey"]
[Black "Vasiliev, Sergey"]
[Result "0-1"]
[WhiteElo "1726"]
[BlackElo "1945"]
[PlyCount "68"]
[EventDate "2018.05.01"]

1. e4 c5 2. Nf3 d6 3. d4 cxd4 4. Nxd4 Nf6 5. Nc3 a6 6. f3 e6 7. Be3 Be7 8. Qd2
Qc7 9. O-O-O Nc6 10. g4 b5 11. g5 Nd7 12. f4 Nc5 13. Nxc6 Qxc6 14. Qd4 O-O 15.
Bg2 Rb8 16. Rhg1 b4 17. e5 d5 18. Bxd5 Qc7 19. Ne4 Nxe4 20. Bxe4 b3 21. a3 Bb7
22. Bd3 bxc2 23. Bxc2 Rfc8 24. Qd3 g6 25. Rd2 Bd5 26. Bd4 Qc6 27. Bc3 Bc5 28.
Re1 Qb6 29. h4 Bb3 30. Bxb3 Qxb3 31. h5 Bxa3 32. Kb1 Rxc3 33. Qd8+ Rxd8 34.
Rxd8+ Bf8 0-1

[Event "Team senior chess final 2018"]
[Site "Sochi"]
[Date "2018.05.10"]
[Round "10.1"]
[White "Gubernatorov, Sergey"]
[Black "Sveshnikov, Evgeny"]
[Result "1-0"]
[WhiteElo "2220"]
[BlackElo "2463"]
[PlyCount "91"]
[EventDate "2018.05.01"]
[BlackTeam "Шахматный клуб "]

1. c4 e6 2. d4 d5 3. Nf3 Nf6 4. g3 dxc4 5. Bg2 a6 6. O-O Nc6 7. Qc2 b5 8. b3
Bb7 9. bxc4 Nxd4 10. Nxd4 Bxg2 11. Kxg2 Qxd4 12. cxb5 Bd6 13. Qc6+ Ke7 14. Nc3
axb5 15. Nxb5 Qd5+ 16. Qxd5 Nxd5 17. Nxd6 cxd6 18. Bb2 Rhc8 19. Bxg7 Rc2 20. a4
Rxe2 21. Rfb1 e5 22. a5 Ra6 23. Rb7+ Ke6 24. Bh6 Rc2 25. Rb5 Nc3 26. Rb7 d5 27.
Kf3 d4 28. g4 Kd5 29. Rd7+ Ke6 30. Rb7 f5 31. gxf5+ Kxf5 32. Bg7 Rg6 33. Bxe5
Kxe5 34. a6 Rf6+ 35. Kg4 Rfxf2 36. Ra5+ Kd6 37. a7 Rg2+ 38. Kh5 Rxh2+ 39. Kg5
Rhg2+ 40. Kh6 Rg6+ 41. Kxh7 Rg1 42. Rb6+ Kc7 43. a8=Q Kxb6 44. Qa7+ Kc6 45.
Qc5+ Kb7 46. Ra7+ 1-0

[Event "Team senior chess final 2018"]
[Site "Sochi"]
[Date "2018.05.10"]
[Round "10.2"]
[White "Rashkovsky, Nukhim N"]
[Black "Mednikov, Gennadiy"]
[Result "1/2-1/2"]
[WhiteElo "2486"]
[BlackElo "2110"]
[PlyCount "71"]
[EventDate "2018.05.01"]
[WhiteTeam "Шахматный клуб "]

1. d4 d5 2. Nf3 Nc6 3. c4 Bf5 4. e3 e6 5. a3 Nf6 6. b4 dxc4 7. Bxc4 Bd6 8. Bb2
O-O 9. Nbd2 h6 10. Qe2 Ne4 11. g4 Nxd2 12. Nxd2 Bh7 13. h4 e5 14. d5 Ne7 15. g5
b5 16. Bd3 Bxd3 17. Qxd3 a5 18. gxh6 gxh6 19. f4 f6 20. Nf3 axb4 21. fxe5 fxe5
22. Nxe5 Nf5 23. Kd2 bxa3 24. Rhg1+ Kh7 25. Raf1 Qc8 26. Ba1 b4 27. Ng4 Qa6 28.
Nf6+ Rxf6 29. Bxf6 Qxd3+ 30. Kxd3 Ng3 31. Bd4 Nxf1 32. Rg7+ Kh8 33. Rg6+ Kh7
34. Rg7+ Kh8 35. Rg6+ Kh7 36. Rg7+ 1/2-1/2

[Event "Team senior chess final 2018"]
[Site "Sochi"]
[Date "2018.05.10"]
[Round "10.3"]
[White "Merkushev, Vasily"]
[Black "Lisenko, Alexander V"]
[Result "0-1"]
[WhiteElo "2154"]
[BlackElo "2363"]
[PlyCount "84"]
[EventDate "2018.05.01"]
[BlackTeam "Шахматный клуб "]

1. c4 c5 2. Nc3 Nc6 3. g3 g6 4. Bg2 Bg7 5. d3 e6 6. Be3 d6 7. Qd2 Nd4 8. Nf3
Ne7 9. O-O Nef5 10. Bxd4 cxd4 11. Ne4 O-O 12. a3 b6 13. Qd1 Bb7 14. b3 Rc8 15.
Ra2 Rc7 16. a4 d5 17. Ned2 e5 18. a5 e4 19. axb6 axb6 20. Ne1 e3 21. Ndf3 Bh6
22. Kh1 exf2 23. Rxf2 Be3 24. Rf1 Qd6 25. Nc2 dxc4 26. bxc4 Rc5 27. Qe1 h5 28.
Ra7 Bc6 29. Nb4 Ba8 30. Nc2 b5 31. Qa1 Bxf3 32. Rxf3 bxc4 33. Nxe3 Nxe3 34. Ra6
Qe5 35. dxc4 Nxg2 36. Kxg2 Qxe2+ 37. Rf2 Qe4+ 38. Kg1 Rxc4 39. Raf6 Rfc8 40.
Qa7 Rc1+ 41. Rf1 Rxf1+ 42. Rxf1 Qd5 0-1

[Event "Team senior chess final 2018"]
[Site "Sochi"]
[Date "2018.05.10"]
[Round "10.4"]
[White "Dragomarezkij, Evgeni"]
[Black "Avedisyan, Andrey"]
[Result "1-0"]
[WhiteElo "2375"]
[BlackElo "1726"]
[PlyCount "37"]
[EventDate "2018.05.01"]
[WhiteTeam "Шахматный клуб "]

1. c4 c5 2. Nf3 Nc6 3. d4 cxd4 4. Nxd4 Qb6 5. Nc2 g6 6. Nc3 Bg7 7. Nd5 Qd8 8.
e4 e6 9. Nc3 a6 10. Be2 Nge7 11. O-O O-O 12. Bg5 Qc7 13. Qd2 Qb6 14. Na4 Qa5
15. Qxa5 Nxa5 16. Bxe7 Re8 17. Nb6 Rxe7 18. Nxa8 Bxb2 19. Rab1 1-0

[Event "Team senior chess final 2018"]
[Site "Sochi"]
[Date "2018.05.10"]
[Round "10.1"]
[White "Zhelnin, Vladimir V"]
[Black "Faibisovich, Vadim Z"]
[Result "1-0"]
[WhiteElo "2452"]
[BlackElo "2320"]
[PlyCount "147"]
[EventDate "2018.05.01"]

1. e4 e5 2. Nf3 Nc6 3. Bc4 Nf6 4. d3 Be7 5. O-O O-O 6. Re1 d6 7. c3 Na5 8. Bb5
a6 9. Ba4 b5 10. Bc2 c5 11. Nbd2 Nc6 12. Nf1 Re8 13. Ng3 g6 14. h3 Bf8 15. a4
Bb7 16. Nh2 Bg7 17. Be3 b4 18. Qd2 Rb8 19. Bg5 Qb6 20. Rab1 Bc8 21. Bxf6 Bxf6
22. Ng4 Bxg4 23. hxg4 Qd8 24. Bb3 Bg5 25. Qc2 a5 26. Bc4 Re7 27. Nf1 Qc8 28.
Nh2 Kg7 29. g3 h5 30. gxh5 Qh3 31. Bd5 Na7 32. hxg6 Rh8 33. f3 Qxg3+ 34. Qg2
Qxg2+ 35. Kxg2 fxg6 36. Rh1 Rb8 37. Ng4 Ree8 38. Kf2 Rh8 39. Rxh8 Kxh8 40. cxb4
Rxb4 41. b3 Rb8 42. Rg1 Kg7 43. Ke2 Bf4 44. Rh1 Nc8 45. Bc4 Ne7 46. Bb5 Rh8 47.
Rxh8 Kxh8 48. Nf6 Nc8 49. Nd5 Bg5 50. Bd7 Ne7 51. Nb6 Ng8 52. Nc4 Bd8 53. Nxd6
Kg7 54. Kd2 Kf8 55. Bb5 Nh6 56. Nb7 Bb6 57. Kc3 Nf7 58. Kc4 Ke7 59. Kd5 Ng5 60.
Nd6 Bc7 61. Nc4 Nxf3 62. Kxc5 g5 63. Kc6 Bd8 64. Kd5 Bc7 65. Ba6 g4 66. Ne3 Nh2
67. Bc8 g3 68. Kc6 Kd8 69. Bh3 Nf3 70. Nf5 Nd4+ 71. Nxd4 exd4 72. Kc5 Be5 73.
Kd5 Bg7 74. e5 1-0

[Event "Team senior chess final 2018"]
[Site "Sochi"]
[Date "2018.05.10"]
[Round "10.2"]
[White "Karasev, Vladimir I"]
[Black "Vorotnikov, Vladislav V"]
[Result "1/2-1/2"]
[WhiteElo "2336"]
[BlackElo "2449"]
[PlyCount "75"]
[EventDate "2018.05.01"]

1. d4 Nf6 2. Nf3 d6 3. g3 c6 4. Bg2 h6 5. O-O Bf5 6. c4 e6 7. Nc3 Be7 8. d5 e5
9. dxc6 Nxc6 10. Nd5 O-O 11. Nxe7+ Qxe7 12. b3 Qe6 13. Bb2 Bh3 14. Qd2 Rfd8 15.
Rfd1 Bxg2 16. Kxg2 d5 17. cxd5 Nxd5 18. Qe1 f6 19. Rac1 a5 20. h3 Ndb4 21.
Rxd8+ Rxd8 22. a3 Qxb3 23. axb4 Qxb2 24. bxa5 e4 25. Ng1 Qb5 26. Rb1 Qd5 27.
Rxb7 e3+ 28. Nf3 Nxa5 29. Re7 exf2 30. Qxf2 Nc6 31. Re3 Ne5 32. Kh2 Nxf3+ 33.
Rxf3 Kh8 34. Kg2 Kg8 35. Kh2 Kh8 36. Kg2 Kg8 37. Kh2 Kh8 38. Kg2 1/2-1/2

[Event "Team senior chess final 2018"]
[Site "Sochi"]
[Date "2018.05.10"]
[Round "10.3"]
[White "Chudinovskikh, Alexander M"]
[Black "Malinin, Vasily B"]
[Result "1-0"]
[WhiteElo "2205"]
[BlackElo "2197"]
[PlyCount "69"]
[EventDate "2018.05.01"]

1. e4 Nc6 2. Nf3 e5 3. Bb5 a6 4. Ba4 Nf6 5. O-O b5 6. Bb3 Be7 7. d4 exd4 8. e5
Ng4 9. Re1 h5 10. c3 Rb8 11. cxd4 d6 12. Bd5 Nb4 13. Bb3 d5 14. a3 Nc6 15. Nc3
Be6 16. a4 b4 17. Ne2 g5 18. a5 Kf8 19. Bd2 Na7 20. Qc1 Rg8 21. h3 Nxf2 22.
Kxf2 g4 23. hxg4 hxg4 24. Nh2 g3+ 25. Nxg3 Bh4 26. Bf4 Nb5 27. Nf3 Rg4 28. Rh1
Kg7 29. Rxh4 Rxh4 30. Bg5 Rg4 31. Bf6+ Qxf6 32. Nh5+ Kf8 33. Nxf6 Rg6 34. Qc5+
Kg7 35. Rh1 1-0

[Event "Team senior chess final 2018"]
[Site "Sochi"]
[Date "2018.05.10"]
[Round "10.4"]
[White "Shushpanov, Vladimir"]
[Black "Kolbanov, Veniamin M"]
[Result "1-0"]
[WhiteElo "2187"]
[BlackElo "2190"]
[PlyCount "83"]
[EventDate "2018.05.01"]

1. Nf3 c5 2. g3 g6 3. Bg2 Bg7 4. O-O Nc6 5. c4 d6 6. Nc3 e5 7. a3 a5 8. d3 Nge7
9. Ne1 O-O 10. Nc2 Rb8 11. Rb1 Be6 12. b4 b6 13. Bg5 f6 14. Bd2 Qd7 15. bxc5
dxc5 16. Ne3 Bh3 17. Ned5 Bxg2 18. Kxg2 Nxd5 19. cxd5 Nd4 20. e3 Nf5 21. Qa4 b5
22. Rxb5 Rxb5 23. Nxb5 Qxd5+ 24. Qe4 Qb3 25. Qc4+ Qxc4 26. dxc4 a4 27. Ba5 Rb8
28. Rd1 Bf8 29. Rd7 h5 30. h3 g5 31. Kf3 Ne7 32. Ke4 Kf7 33. Bc7 Ra8 34. g4 Ra6
35. Bd6 hxg4 36. hxg4 Rc6 37. Nc7 Rxd6 38. Rxd6 Nc8 39. Rd7+ Be7 40. Nd5 Ke6
41. Rxe7+ Nxe7 42. Nxe7 1-0